| 000 | 00498nam a2200169 4500 | ||
|---|---|---|---|
| 001 | 123018 | ||
| 003 | ES-MaACL | ||
| 005 | 20230906192108.0 | ||
| 007 | t| | ||
| 008 | 070214s1970 sp r ||||0| spa d | ||
| 100 | 1 |
_aPuyo, José. _994449 |
|
| 245 | 1 | 3 |
_aEl evangelio hoy _b: vías de búsqueda de una fé adulta / _cJosé Puyo, Th. Rey Nermet. |
| 260 |
_aBilbao : _bMensajero, _c1970. |
||
| 300 |
_a270 p ; _c20 cm. |
||
| 700 | 1 |
_aRey Nermet, Th. _996533 |
|
| 852 |
_aES-MaACL _jC-49065 _bR.75559 |
||
| 999 |
_c123018 _d123018 |
||